000 00820nam a2200253Ia 4500
003 OSt
005 20220926020942.0
006 a|||||r|||| 00| 0
007 ta
008 220923b |||||||| |||| 00| 0 eng d
020 _a3211834729
_cDM 128.00
037 _b9915, 21/09/2001, SBD
_cGeneral Book
040 _aRTL
_cRTL
_beng
041 _2eng
_aeng
082 _aU:(D6,9(B), P1
100 _aLee Yuk Cheung
_9325441
245 0 _aGeographical data aquisition
260 _aNew York
_bSpringer-Verlag
_c2001
300 _axiv,265p. Bibliography: P 249-59
_ccm.
650 _aGeography irt Computer Science
_9267236
700 _a Chen Yon Qi chen Ed
_9325442
942 _hU:(D6,9(B), P1
_cGB
_2CC
999 _c635300
_d635300